[Event "Championnat de France des Jeunes - Mini"]
[Site "TROYES"]
[Date "2010.04.13"]
[Round "4.10"]
[White "Lebret, Loriane"]
[Black "Dufour, Celine"]
[Result "1-0"]
[WhiteElo "1639"]
[BlackElo "1654"]
[PlyCount "59"]
[EventDate "2010.??.??"]

1. e4 e5 2. Nf3 Nc6 3. Bb5 a6 4. Ba4 Nf6 5. O-O d6 6. h3 Be7 7. Re1 O-O 8. c3
b5 9. Bc2 Na5 10. d4 Nd7 11. Nbd2 c5 12. Nf1 Nc6 13. Ng3 Nf6 14. Be3 Qc7 15.
Nh4 exd4 16. cxd4 Nxe4 17. Bxe4 Bxh4 18. Qh5 f5 19. Bd5+ Kh8 20. Qxh4 Bb7 21.
dxc5 dxc5 22. Bf4 Qb6 23. Qg5 h6 24. Qh5 Nd4 25. Bxb7 Qxb7 26. Rac1 Qb6 27. Re7
Qf6 28. Rce1 Nc2 29. R1e6 Qxb2 30. Rxh6+ 1-0

[Event "Championnat de France des Jeunes - Benja"]
[Site "TROYES"]
[Date "2010.04.13"]
[Round "4.1"]
[White "Dupouy, Francois"]
[Black "Giroyan, Gary"]
[Result "1-0"]
[WhiteElo "1813"]
[BlackElo "2181"]
[PlyCount "79"]

1. e4 c5 2. Nf3 d6 3. d4 cxd4 4. Nxd4 Nf6 5. Nc3 a6 6. Be2 e6 7. Be3 Nbd7 8. f4
b5 9. Bf3 Bb7 10. e5 Bxf3 11. Qxf3 dxe5 12. Nc6 Qc7 13. fxe5 Rc8 14. exf6 Qxc6
15. Qxc6 Rxc6 16. fxg7 Bxg7 17. O-O-O Nb6 18. Bd4 Bxd4 19. Rxd4 Ke7 20. Rf1 Rc4
21. Rff4 Rg8 22. g3 Rgc8 23. Rxc4 Rxc4 24. Rxc4 Nxc4 25. b4 f5 26. Kd1 Kd6 27.
Ke2 Nb2 28. Ke3 Ke5 29. Ne2 Nc4+ 30. Kd3 Nb2+ 31. Ke3 Nd1+ 32. Kf3 Kf6 33. Nf4
Nc3 34. a3 Nb1 35. a4 bxa4 36. c4 a3 37. c5 a2 38. b5 axb5 39. Ne2 Ke5 40. Nf4
1-0

[Event "Championnat de France des Jeunes - Benja"]
[Site "TROYES"]
[Date "2010.04.13"]
[Round "4.2"]
[White "Kirk, Ezra"]
[Black "Rouffignac, Tanguy"]
[Result "1-0"]
[WhiteElo "1970"]
[BlackElo "1885"]
[PlyCount "63"]
[EventDate "2010.??.??"]

1. d4 Nf6 2. c4 g6 3. Nc3 Bg7 4. e4 d6 5. Nf3 O-O 6. Be2 e5 7. O-O Nc6 8. d5
Ne7 9. Ne1 Nd7 10. Be3 f5 11. f3 f4 12. Bf2 g5 13. b4 Nf6 14. Rc1 Ng6 15. c5
Rf7 16. a4 Bf8 17. a5 Rg7 18. cxd6 cxd6 19. Nb5 g4 20. fxg4 Nxe4 21. Bxa7 Nh4
22. Bb6 Qg5 23. Nc7 Rb8 24. Ne6 Bxe6 25. dxe6 h5 26. e7 Bxe7 27. Qd5+ Kh8 28.
Qxe4 hxg4 29. Bd3 f3 30. Be3 Qh5 31. g3 Ng6 32. Rf2 1-0

[Event "Championnat de France des Jeunes - Benja"]
[Site "TROYES"]
[Date "2010.04.13"]
[Round "4.3"]
[White "Kambrath, Yannick"]
[Black "Bach, Anatole"]
[Result "1-0"]
[WhiteElo "1941"]
[BlackElo "1842"]
[PlyCount "99"]
[EventDate "2010.??.??"]

1. d4 Nf6 2. c4 e6 3. Nf3 Bb4+ 4. Nbd2 d5 5. e3 O-O 6. Bd3 b6 7. a3 Be7 8. O-O
c5 9. b3 Bb7 10. Bb2 Nbd7 11. Ne5 Qc7 12. f4 Rfd8 13. Qe2 Rac8 14. Rac1 Qb8 15.
g4 Nf8 16. g5 dxc4 17. bxc4 N6d7 18. h4 Qc7 19. Ng4 f5 20. Ne5 Nxe5 21. fxe5
Qd7 22. d5 Ng6 23. Qh2 Nh8 24. Bb1 g6 25. d6 Bf8 26. e4 Nf7 27. Rfe1 Re8 28.
Nf1 Bg7 29. Ne3 Rcd8 30. exf5 exf5 31. Nd5 Bxd5 32. cxd5 Qa4 33. Re2 Qb3 34. d7
Rf8 35. e6 Bxb2 36. exf7+ Kxf7 37. Ba2 Qxa2 38. Rxb2 Qxd5 39. Rd2 Qe6 40. Rcd1
Qe3+ 41. Kh1 Qf3+ 42. Kg1 Kg8 43. Qe5 Qg4+ 44. Kf1 Qc4+ 45. Kg1 Qf7 46. Rd6 Qg7
47. Rf6 Rxd7 48. Rxf8+ Kxf8 49. Qb8+ Ke7 50. Rxd7+ 1-0

[Event "Championnat de France des Jeunes - Benja"]
[Site "TROYES"]
[Date "2010.04.13"]
[Round "4.4"]
[White "Lamard, Guillaume"]
[Black "Gautier, Clement"]
[Result "1-0"]
[WhiteElo "2117"]
[BlackElo "1875"]
[PlyCount "105"]
[EventDate "2010.??.??"]

1. d4 d5 2. c4 e6 3. Nf3 Nf6 4. Nc3 Be7 5. Bf4 O-O 6. e3 c6 7. c5 b6 8. b4 Nh5
9. Bd3 Nxf4 10. exf4 Nd7 11. O-O a5 12. a3 Bb7 13. Re1 Qc7 14. Qd2 axb4 15.
axb4 bxc5 16. bxc5 Ra5 17. Nxd5 cxd5 18. Rxa5 Nb8 19. Ra3 Nc6 20. Bc2 Rb8 21.
Ne5 Nxd4 22. Qxd4 Bxc5 23. Rc3 Rc8 24. Rxc5 Qxc5 25. Qxc5 Rxc5 26. Bd3 Rc3 27.
Bf1 f6 28. Nf3 Kf7 29. Nd4 Bc8 30. g3 g6 31. Bh3 f5 32. Bf1 Bd7 33. Ra1 Ke7 34.
Ra8 Rc7 35. Rh8 h5 36. Kg2 Rb7 37. Nf3 Kf6 38. Ne5 Ba4 39. Bd3 Rg7 40. h4 Re7
41. Rg8 Rg7 42. Rxg7 Kxg7 43. Kf3 Kf6 44. Ke3 Be8 45. Kd4 Ba4 46. Kc5 Be8 47.
Bb5 Bf7 48. Nxf7 Kxf7 49. Kd6 Kf6 50. Bd7 d4 51. Bxe6 d3 52. Bb3 d2 53. Kd5 1-0

[Event "Championnat de France des Jeunes - Benja"]
[Site "TROYES"]
[Date "2010.04.13"]
[Round "4.5"]
[White "Pruvot, Louis"]
[Black "Grandadam, Patrick"]
[Result "0-1"]
[WhiteElo "1881"]
[BlackElo "2104"]
[PlyCount "58"]
[EventDate "2010.??.??"]

1. d4 d5 2. c4 e6 3. Nf3 c6 4. e3 Nf6 5. Bd3 Nbd7 6. O-O Bd6 7. Nc3 dxc4 8.
Bxc4 b5 9. Bd3 O-O 10. e4 e5 11. dxe5 Nxe5 12. Nxe5 Bxe5 13. Qc2 Ng4 14. h3
Bh2+ 15. Kh1 Bc7 16. f4 Qh4 17. Rf3 Bb6 18. Bd2 Nf2+ 19. Kh2 Ng4+ 20. Kh1 Rd8
21. e5 Nf2+ 22. Kh2 Bg4 23. Rg3 Rxd3 24. Rxd3 Bf5 25. Be1 Qxf4+ 26. g3 Bxd3 27.
Qxd3 Nxd3 28. gxf4 Nxf4 29. Ne4 Nd3 0-1

[Event "Championnat de France des Jeunes - Benja"]
[Site "TROYES"]
[Date "2010.04.13"]
[Round "4.6"]
[White "Viennot, Dylan"]
[Black "Bapst, Valentin"]
[Result "1-0"]
[WhiteElo "2017"]
[BlackElo "1828"]
[PlyCount "61"]
[EventDate "2010.??.??"]

1. e4 c5 2. Nf3 Nc6 3. Bb5 Nf6 4. Bxc6 dxc6 5. d3 Nd7 6. Bf4 g6 7. Nc3 Bg7 8.
Qd2 h6 9. Ng1 e5 10. Be3 b6 11. Nge2 Bb7 12. O-O Qe7 13. a3 Nf6 14. h3 g5 15.
Ng3 Bc8 16. b4 cxb4 17. axb4 Rb8 18. Nce2 O-O 19. Qc3 Qc7 20. d4 g4 21. h4 Nxe4
22. Nxe4 f5 23. d5 fxe4 24. Qxc6 Qe7 25. d6 Qxh4 26. d7 Bb7 27. Qe6+ Kh8 28.
Rxa7 Rf6 29. Rxb7 Rxe6 30. Rxb8+ Kh7 31. d8=Q 1-0

[Event "Championnat de France des Jeunes - Benja"]
[Site "TROYES"]
[Date "2010.04.13"]
[Round "4.7"]
[White "Gelas, Christophe"]
[Black "May, Alexandre"]
[Result "1-0"]
[WhiteElo "2000"]
[BlackElo "1827"]
[PlyCount "53"]
[EventDate "2010.??.??"]

1. d4 Nf6 2. c4 e6 3. Nf3 Bb4+ 4. Bd2 Qe7 5. g3 O-O 6. Nc3 d6 7. Bg2 Nc6 8. d5
Ne5 9. Nxe5 dxe5 10. O-O Rd8 11. e4 c6 12. Qb3 cxd5 13. exd5 exd5 14. cxd5 Bf5
15. Rac1 Rac8 16. Bg5 Bd3 17. Rfd1 e4 18. Bh3 Rc7 19. d6 Qxd6 20. Bf4 Qc5 21.
Bxc7 e3 22. Ne4 exf2+ 23. Nxf2 Ne4 24. Rxc5 Nxf2 25. Rxd3 Rxd3 26. Qxd3 Nxd3
27. Rd5 1-0

[Event "Championnat de France des Jeunes - Benja"]
[Site "TROYES"]
[Date "2010.04.13"]
[Round "4.8"]
[White "Purenne, Benoit"]
[Black "Herry, Serwan"]
[Result "1-0"]
[WhiteElo "1886"]
[BlackElo "1490"]
[PlyCount "49"]
[EventDate "2010.??.??"]

1. e4 c5 2. Nc3 Nc6 3. Bb5 Nd4 4. Bc4 g6 5. Nf3 Bg7 6. Nxd4 cxd4 7. Qf3 Nh6 8.
Ne2 O-O 9. d3 Ng4 10. Bb3 d6 11. O-O Ne5 12. Qg3 Nc6 13. a3 Bd7 14. f4 Rc8 15.
f5 Na5 16. Ba2 e6 17. Bg5 Qb6 18. b4 Nc6 19. f6 Bh8 20. Qxd6 Rfd8 21. Qg3 Be8
22. Nf4 e5 23. Nd5 Rxd5 24. exd5 Nb8 25. Qxe5 1-0

[Event "Championnat de France des Jeunes - Benja"]
[Site "TROYES"]
[Date "2010.04.13"]
[Round "4.10"]
[White "Chhuon, David"]
[Black "Malka, Samuel"]
[Result "1-0"]
[WhiteElo "1710"]
[BlackElo "1919"]
[PlyCount "89"]
[EventDate "2010.??.??"]

1. d4 Nf6 2. c4 g6 3. g3 Bg7 4. Bg2 d5 5. Nf3 O-O 6. O-O dxc4 7. Na3 c5 8. Nxc4
cxd4 9. Nxd4 Nfd7 10. e3 e5 11. Nb5 Nc6 12. Qe2 a6 13. Nbd6 Qc7 14. Rd1 Nc5 15.
Nxc8 Raxc8 16. b3 b5 17. Na3 e4 18. Bb2 Ne5 19. Bxe5 Qxe5 20. Rab1 f5 21. Nc2
Nd3 22. Ne1 Nb4 23. Rbc1 Nd5 24. Rxc8 Rxc8 25. Qd2 Nc3 26. Qd7 Qc5 27. Qe6+ Kh8
28. Rd7 Nxa2 29. Qxa6 Nb4 30. Qb7 Rg8 31. Rc7 Qd6 32. Rc8 h6 33. Rxg8+ Kxg8 34.
Qxb5 Qd2 35. Qf1 Bc3 36. Qc4+ Kg7 37. Qc7+ Kf6 38. Qb6+ Ke7 39. Qc5+ Ke6 40.
Qb6+ Kf7 41. Qc7+ Kf6 42. Qb6+ Kg5 43. Nf3+ exf3 44. h4+ Kg4 45. Qxg6# 1-0

[Event "Championnat de France des Jeunes - Benja"]
[Site "TROYES"]
[Date "2010.04.13"]
[Round "4.1"]
[White "Nolot, Clementine"]
[Black "Navrotescu, Andreea-Cristiana"]
[Result "0-1"]
[WhiteElo "1672"]
[BlackElo "1930"]
[PlyCount "91"]

1. e4 c5 2. Nf3 d6 3. d4 cxd4 4. Nxd4 Nf6 5. Nc3 g6 6. Bg5 Bg7 7. f4 Nbd7 8.
Be2 O-O 9. Qd2 Nc5 10. Bf3 a6 11. O-O-O Ne6 12. Nxe6 Bxe6 13. e5 dxe5 14. Qxd8
Rfxd8 15. fxe5 Nd7 16. Bxe7 Re8 17. Bd6 Ra7 18. Rhe1 h5 19. Nd5 Bxd5 20. Rxd5
b6 21. c4 Nxe5 22. Kd1 f6 23. Be4 Kh7 24. Bxe5 Rxe5 25. Rd6 Rae7 26. Bxg6+ Kxg6
27. Rxe5 Rxe5 28. Rxb6 a5 29. a3 Rc5 30. b3 Bf8 31. Kc2 Rg5 32. b4 axb4 33.
axb4 Rxg2+ 34. Kb3 Rxh2 35. c5 Re2 36. c6 Re8 37. c7 Rc8 38. Rb8 Rxc7 39. Rxf8
h4 40. Rd8 h3 41. Rd1 h2 42. Rh1 Rh7 43. b5 Kg5 44. b6 Kg4 45. Kc4 Rh8 46. Kb3
0-1

[Event "Championnat de France des Jeunes - Benja"]
[Site "TROYES"]
[Date "2010.04.13"]
[Round "4.2"]
[White "Bellaiche, Elise"]
[Black "Bekhouche, Marion"]
[Result "1-0"]
[WhiteElo "1833"]
[BlackElo "1707"]
[PlyCount "115"]
[EventDate "2010.??.??"]

1. e4 e6 2. d4 d5 3. Nc3 Nf6 4. Bg5 Be7 5. e5 Nfd7 6. Bxe7 Qxe7 7. f4 a6 8. Nf3
c5 9. Qd2 Nc6 10. dxc5 Qxc5 11. O-O-O b5 12. Nd4 Nxd4 13. Qxd4 b4 14. Ne2 a5
15. Qxc5 Nxc5 16. Nd4 Ne4 17. Bb5+ Bd7 18. Rhf1 Bxb5 19. Nxb5 Ke7 20. f5 a4 21.
fxe6 fxe6 22. Nd4 Rac8 23. Rd3 Rhf8 24. Rdf3 Rxf3 25. gxf3 Nc5 26. Kd2 g5 27.
Rg1 h6 28. h4 Rg8 29. hxg5 Kf7 30. Nc6 b3 31. axb3 axb3 32. cxb3 Nxb3+ 33. Kc3
Nc5 34. b4 Nd7 35. g6+ Rxg6 36. Nd8+ Kg7 37. Nxe6+ Kf7 38. Nd8+ Kg7 39. Re1 Kf8
40. Kd4 Ke7 41. e6 Kxd8 42. exd7 Kxd7 43. Kxd5 h5 44. f4 h4 45. f5 Rg5 46. Ke5
h3 47. Rh1 Rh5 48. Kf6 Ke8 49. b5 Rh7 50. Kg6 Rh4 51. f6 Rg4+ 52. Kf5 Rh4 53.
Kg5 Rh7 54. Kg6 Rh4 55. b6 Rg4+ 56. Kf5 Rg3 57. Rb1 Rf3+ 58. Kg4 1-0

[Event "Championnat de France des Jeunes - Benja"]
[Site "TROYES"]
[Date "2010.04.13"]
[Round "4.3"]
[White "Fischer, Julie"]
[Black "Vignette, Jeanne"]
[Result "1/2-1/2"]
[WhiteElo "1721"]
[BlackElo "1568"]
[PlyCount "146"]
[EventDate "2010.??.??"]

1. e4 e5 2. Nf3 Nc6 3. d4 exd4 4. Bc4 Nf6 5. e5 d5 6. Bb5 Ne4 7. Nxd4 Bc5 8.
Be3 Bxd4 9. Bxd4 O-O 10. O-O Nxd4 11. Qxd4 c5 12. Qe3 b6 13. Bc6 Rb8 14. Rd1
Bb7 15. Rxd5 Qg5 16. f4 Qg6 17. Bxb7 Rxb7 18. Nc3 Nxc3 19. Qxc3 Qe4 20. Qd2 Re7
21. Rd1 f6 22. Re1 Qa4 23. a3 fxe5 24. fxe5 Qe8 25. Qe2 Re6 26. Rd3 Qb5 27. b3
Qc6 28. Red1 Rfe8 29. Rd8 Qc7 30. Rxe8+ Rxe8 31. Qc4+ Kh8 32. e6 Qe5 33. Rf1 g6
34. Qa6 Qxe6 35. Qxa7 Qe3+ 36. Kh1 Qe1 37. Qf7 Qe7 38. h3 Qxf7 39. Rxf7 Re2 40.
Rb7 Rxc2 41. Rxb6 Rb2 42. Rb5 Kg7 43. a4 Kf6 44. a5 Ke6 45. a6 Ra2 46. Rb6+ Kd5
47. Kh2 Ra3 48. h4 Ra2 49. Kh3 c4 50. bxc4+ Kxc4 51. g3 Kc5 52. Rf6 Kb5 53. Kg4
Ra3 54. Re6 h5+ 55. Kf4 Ra4+ 56. Kg5 Rg4+ 57. Kh6 Rxg3 58. a7 Ra3 59. Rxg6 Rxa7
60. Kxh5 Kc5 61. Kh6 Rf7 62. h5 Kd5 63. Rg7 Ke6 64. Kh7 Rf8 65. h6 Kf6 66. Rg6+
Kf7 67. Rg7+ Kf6 68. Rg1 Rf7+ 69. Kg8 Ra7 70. Rf1+ Kg6 71. h7 Ra8+ 72. Rf8
Rxf8+ 73. Kxf8 Kxh7 1/2-1/2

[Event "Championnat de France des Jeunes - Benja"]
[Site "TROYES"]
[Date "2010.04.13"]
[Round "4.4"]
[White "Sriskantharajah, Niruja"]
[Black "Canterel, Cecile"]
[Result "1/2-1/2"]
[WhiteElo "1581"]
[BlackElo "1840"]
[PlyCount "125"]
[EventDate "2010.??.??"]

1. e4 c5 2. Nf3 e6 3. d4 cxd4 4. Nxd4 a6 5. Bd3 Nc6 6. Nxc6 bxc6 7. O-O g6 8.
Bf4 Bg7 9. c3 Ne7 10. Nd2 O-O 11. Nc4 d5 12. Ne5 a5 13. Re1 Ba6 14. Bxa6 Rxa6
15. Qc2 Qc8 16. Rad1 Qb7 17. b3 Qc8 18. Qe2 Ra8 19. Qf3 f6 20. Nd3 e5 21. exd5
cxd5 22. Nb2 Rf7 23. Bd2 f5 24. Na4 Qc7 25. Bg5 Bf6 26. Bxf6 Rxf6 27. Rxd5 e4
28. Qd1 Rff8 29. Rd7 Qe5 30. Qd6 Qxd6 31. Rxd6 Nc8 32. Rd7 Rf7 33. Red1 Kg7 34.
Rxf7+ Kxf7 35. Rd7+ Kg8 36. Kf1 h6 37. Ke2 Kf8 38. c4 Ne7 39. Nb6 Rb8 40. Na4
Ke8 41. Rd2 Rc8 42. Nb6 Rc6 43. Nd5 Nxd5 44. Rxd5 a4 45. Rb5 Ke7 46. f3 exf3+
47. Kxf3 Ke6 48. Rb4 axb3 49. axb3 g5 50. Rb5 Rd6 51. b4 Rd3+ 52. Ke2 Rb3 53.
c5 Kd7 54. Rb6 Rb2+ 55. Kd3 Rxg2 56. Rxh6 f4 57. Rg6 f3 58. Ke3 g4 59. b5 Re2+
60. Kd4 Rd2+ 61. Ke3 Re2+ 62. Kd4 Rd2+ 63. Ke3 1/2-1/2

[Event "Championnat de France des Jeunes - Benja"]
[Site "TROYES"]
[Date "2010.04.13"]
[Round "4.5"]
[White "Dol, Cecile"]
[Black "Abidi, Hasma"]
[Result "1-0"]
[WhiteElo "1610"]
[BlackElo "1740"]
[PlyCount "95"]
[EventDate "2010.??.??"]

1. e4 e6 2. d4 d5 3. e5 c5 4. c3 Qb6 5. a3 Nc6 6. Nf3 Bd7 7. Be2 cxd4 8. cxd4
Nh6 9. Nc3 Nf5 10. Na4 Qc7 11. b4 Ncxd4 12. Nxd4 Nxd4 13. Qxd4 Bxa4 14. b5 Bb3
15. Be3 Qa5+ 16. Bd2 Qa4 17. Qc3 Bc4 18. Bxc4 Qxc4 19. Qxc4 dxc4 20. Ke2 Rc8
21. Rhc1 Rc5 22. f4 Rc7 23. a4 Be7 24. Rc2 O-O 25. Rac1 Rfc8 26. Be3 b6 27. Bd2
h6 28. g3 Kh7 29. Bc3 Kg6 30. g4 f6 31. h3 f5 32. Kf3 Rd8 33. Ke2 Rd3 34. Rh1
Bc5 35. Bd2 Be7 36. Bc3 Rg3 37. Be1 Rg2+ 38. Kd1 Rd7+ 39. Rd2 Bb4 40. Rxd7 c3
41. Rc7 fxg4 42. Bxc3 Bc5 43. hxg4 Rxg4 44. Bd2 h5 45. Rc6 Kf7 46. Rxh5 Rg1+
47. Kc2 Rg2 48. Rc7+ 1-0

[Event "Championnat de France des Jeunes - Benja"]
[Site "TROYES"]
[Date "2010.04.13"]
[Round "4.6"]
[White "Nourani, Maral"]
[Black "Likhoded, Victoria"]
[Result "0-1"]
[WhiteElo "1690"]
[BlackElo "1677"]
[PlyCount "86"]
[EventDate "2010.??.??"]

1. e4 d6 2. d4 Nf6 3. Nc3 g6 4. Nf3 Bg4 5. Be2 Bg7 6. Be3 Nbd7 7. Qd2 c6 8. h3
Bxf3 9. Bxf3 Nb6 10. Be2 e5 11. dxe5 dxe5 12. Qxd8+ Rxd8 13. Bxb6 axb6 14. O-O
O-O 15. Rfe1 Bh6 16. Rad1 b5 17. Bd3 Rd7 18. a3 Rfd8 19. Kh2 Bf8 20. b4 Bd6 21.
Be2 Bc7 22. Rxd7 Rxd7 23. Rd1 Rd4 24. f3 Kf8 25. g4 Ke7 26. Rd3 Nd7 27. Kg2 Bb6
28. Rd1 Nf8 29. Kg3 Ne6 30. Bf1 Bc7 31. Kf2 Bb6 32. Kg3 h6 33. h4 g5 34. h5 f6
35. Kh2 Bc7 36. Kg3 Bb6 37. Kh2 Rxd1 38. Nxd1 Nd4 39. Bd3 Nxf3+ 40. Kg3 Nd2 41.
c3 Kd7 42. Nb2 Kc7 43. Kg2 c5 0-1

[Event "Championnat de France des Jeunes - Benja"]
[Site "TROYES"]
[Date "2010.04.13"]
[Round "4.8"]
[White "Guillemot, Agathe"]
[Black "Rei-Rosa, Sophie"]
[Result "0-1"]
[WhiteElo "1510"]
[BlackElo "1660"]
[PlyCount "72"]
[EventDate "2010.??.??"]

1. e4 e5 2. Nf3 Nc6 3. Bb5 Nf6 4. O-O d6 5. d4 exd4 6. Nxd4 Bd7 7. Nxc6 bxc6 8.
Bd3 Be7 9. b3 Ng4 10. Bb2 Bf6 11. Bxf6 Qxf6 12. Qe1 Qxa1 13. f3 Qd4+ 14. Kh1
Ne5 15. Be2 O-O 16. Bd1 Rfe8 17. c3 Qc5 18. f4 Ng4 19. Rf3 d5 20. e5 f6 21. h3
Nh6 22. Re3 fxe5 23. fxe5 Qe7 24. Bf3 Bf5 25. c4 Qc5 26. Nd2 d4 27. Re2 Bd3 28.
Rf2 Rxe5 29. Qa1 Rae8 30. Qg1 Re1 31. Nf1 Rxf1 32. Rxf1 Bxf1 33. Qxf1 Nf5 34.
Qd3 Re1+ 35. Kh2 Qd6+ 36. g3 Qxg3# 0-1

[Event "Championnat de France des Jeunes - Benja"]
[Site "TROYES"]
[Date "2010.04.13"]
[Round "4.9"]
[White "Bertrand, Meryl"]
[Black "Vallat, Julie"]
[Result "1-0"]
[WhiteElo "1632"]
[BlackElo "1510"]
[PlyCount "57"]
[EventDate "2010.??.??"]

1. e4 e5 2. Nf3 Nc6 3. Bc4 Bc5 4. c3 Nf6 5. d3 d6 6. O-O Bg4 7. Nbd2 O-O 8. h3
Bh5 9. Re1 Re8 10. a4 d5 11. exd5 Nxd5 12. d4 exd4 13. Rxe8+ Qxe8 14. Bxd5 Rd8
15. Bxc6 Qxc6 16. Nb3 d3 17. Nxc5 Qxc5 18. g4 Bg6 19. Bd2 f5 20. Nh4 fxg4 21.
Qxg4 Qh5 22. Nxg6 Qxg6 23. Qxg6 hxg6 24. Rd1 Kf8 25. Be3 a5 26. Bd4 Rd6 27. Bc5
Kf7 28. Bxd6 cxd6 29. Rxd3 1-0

[Event "Championnat de France des Jeunes - Benja"]
[Site "TROYES"]
[Date "2010.04.13"]
[Round "4.10"]
[White "Dieuleveut, Floriane"]
[Black "Reau, Florine"]
[Result "1-0"]
[WhiteElo "1613"]
[BlackElo "1460"]
[PlyCount "49"]
[EventDate "2010.??.??"]

1. e4 e6 2. d4 d5 3. e5 c5 4. c3 Nc6 5. Nf3 Qb6 6. Bd3 Bd7 7. dxc5 Bxc5 8. O-O
Qc7 9. b4 Bb6 10. a4 a6 11. Qe2 Nge7 12. Na3 O-O 13. Ng5 Ng6 14. Qh5 h6 15.
Nxf7 Ncxe5 16. Nxh6+ gxh6 17. Bxg6 Nxg6 18. Qxg6+ Kh8 19. Qxh6+ Kg8 20. Qg5+
Kh8 21. Qh4+ Kg8 22. Bh6 Rf7 23. Qg5+ Kh7 24. Qh5 Kg8 25. Qg6+ 1-0

[Event "Championnat de France des Jeunes - Pupil"]
[Site "TROYES"]
[Date "2010.04.13"]
[Round "4.1"]
[White "Haussernot, Cecile"]
[Black "Bellahcene, Bilel"]
[Result "0-1"]
[WhiteElo "1949"]
[BlackElo "2072"]
[PlyCount "102"]

1. e4 c5 2. Nc3 Nc6 3. g3 g6 4. Bg2 Bg7 5. d3 b6 6. f4 Bb7 7. Nf3 d6 8. O-O Qd7
9. Be3 Nh6 10. h3 f5 11. Qd2 O-O 12. Rad1 Nd4 13. e5 Nxf3+ 14. Bxf3 Bxf3 15.
Rxf3 dxe5 16. fxe5 Nf7 17. d4 cxd4 18. Qxd4 Qe6 19. Qd5 Qxe5 20. Bf4 Qf6 21.
Re1 Qd4+ 22. Kg2 Qxd5 23. Nxd5 e5 24. Bc1 e4 25. Ra3 Ne5 26. Nc7 Rac8 27. Ne6
Rxc2+ 28. Kf1 Rf7 29. Nxg7 Kxg7 30. Be3 Nc4 31. Bd4+ Kh6 32. Rc3 Rxc3 33. Bxc3
Rd7 34. g4 Rd3 35. h4 fxg4 36. Kg2 Nxb2 37. Bf6 g5 38. Bxg5+ Kg6 39. Rxe4 h5
40. Re6+ Kf5 41. Rh6 Ra3 42. Rxh5 Rxa2 43. Bd8+ Ke4 44. Kg3 Nd3 45. Rh7 Ne5 46.
Re7 Ra3+ 47. Kg2 Kf5 48. Rg7 Ng6 49. Bg5 Nf4+ 50. Kh1 Ra1+ 51. Kh2 g3+ 0-1

[Event "Championnat de France des Jeunes - Pupil"]
[Site "TROYES"]
[Date "2010.04.13"]
[Round "4.2"]
[White "Msellek, Ilyass"]
[Black "Froment, Theophile"]
[Result "1-0"]
[WhiteElo "1970"]
[BlackElo "1834"]
[PlyCount "79"]
[EventDate "2010.??.??"]

1. d4 Nf6 2. Nf3 g6 3. Nc3 d5 4. Bf4 Bg7 5. Qd2 Ne4 6. Nxe4 dxe4 7. Ne5 Nd7 8.
Nxd7 Qxd7 9. e3 O-O 10. Qc3 c6 11. O-O-O b6 12. Be2 Bb7 13. Qd2 Rfd8 14. f3
exf3 15. Bxf3 c5 16. Bxb7 Qxb7 17. d5 Qa6 18. Kb1 Qb5 19. c3 a5 20. e4 a4 21.
h4 a3 22. b3 c4 23. b4 e6 24. d6 Ra4 25. h5 g5 26. h6 gxf4 27. hxg7 Qe5 28. Qd4
Qxd4 29. Rxd4 Kxg7 30. e5 b5 31. Rxf4 Ra7 32. Rh3 Kh8 33. Rf6 Rdd7 34. Rfh6 Kg7
35. Rxh7+ Kg6 36. R3h5 Rab7 37. Kc2 Ra7 38. Kd2 Ra8 39. Ke3 Rg8 40. Kf4 1-0

[Event "Championnat de France des Jeunes - Pupil"]
[Site "TROYES"]
[Date "2010.04.13"]
[Round "4.3"]
[White "Ek, Alexandre"]
[Black "Rambaldi, Francesco"]
[Result "1/2-1/2"]
[WhiteElo "1833"]
[BlackElo "1952"]
[PlyCount "73"]
[EventDate "2010.??.??"]

1. e4 c5 2. Nf3 e6 3. d3 Nc6 4. g3 d5 5. Nbd2 Nf6 6. Bg2 Be7 7. O-O O-O 8. e5
Nd7 9. Re1 Qc7 10. Qe2 b5 11. Nf1 Ba6 12. Bf4 Rac8 13. Ne3 Nd4 14. Nxd4 cxd4
15. Nxd5 exd5 16. e6 Bd6 17. Bxd6 Qxd6 18. exd7 Qxd7 19. Qd2 Bb7 20. Re2 Qd6
21. Rae1 h6 22. Re7 Rc7 23. Rxc7 Qxc7 24. Qb4 Qb6 25. Re5 Rc8 26. Qd2 Qc7 27.
Re2 Qd6 28. Bh3 Rc7 29. Bf5 Bc6 30. Qe1 g6 31. Bh3 Bd7 32. Bxd7 Rxd7 33. Kg2
Kg7 34. Re8 Rc7 35. Qe2 Rd7 36. Ra8 Re7 37. Qd2 1/2-1/2

[Event "Championnat de France des Jeunes - Pupil"]
[Site "TROYES"]
[Date "2010.04.13"]
[Round "4.4"]
[White "Grezels, Florian"]
[Black "Alinc, Dimitri"]
[Result "1-0"]
[WhiteElo "1874"]
[BlackElo "1772"]
[PlyCount "113"]
[EventDate "2010.??.??"]

1. e4 c5 2. Nf3 Nc6 3. d4 cxd4 4. Nxd4 e5 5. Nb3 Be7 6. Nc3 Nf6 7. Bc4 d6 8.
O-O O-O 9. f3 Be6 10. Bxe6 fxe6 11. Bg5 Rc8 12. Qd2 Nh5 13. Bxe7 Qxe7 14. Rad1
Rcd8 15. Ne2 d5 16. Qc3 Nf4 17. Nxf4 Rxf4 18. Qc5 Qd7 19. Rf2 b6 20. Qb5 Ne7
21. Qxd7 Rxd7 22. Re2 d4 23. c3 Nc6 24. Red2 Rf8 25. cxd4 exd4 26. Nxd4 Rfd8
27. Nb3 Rxd2 28. Rxd2 Rxd2 29. Nxd2 Ne5 30. Kf1 Kf8 31. Ke2 Ke7 32. b3 Kd6 33.
Nc4+ Nxc4 34. bxc4 Kc5 35. Kd3 e5 36. Kc3 g5 37. a3 a6 38. g3 h6 39. h4 gxh4
40. gxh4 h5 41. Kd3 a5 42. Ke3 Kxc4 43. f4 b5 44. f5 b4 45. axb4 axb4 46. f6 b3
47. f7 b2 48. f8=Q b1=Q 49. Qc8+ Kb3 50. Qb8+ Kc2 51. Qxb1+ Kxb1 52. Kd3 Kc1
53. Kc4 Kd2 54. Kd5 Ke3 55. Kxe5 Kf3 56. Kf5 Kg3 57. Kg5 1-0

[Event "Championnat de France des Jeunes - Pupil"]
[Site "TROYES"]
[Date "2010.04.13"]
[Round "4.5"]
[White "Toenz, Antoine"]
[Black "Meunier, Clement"]
[Result "1/2-1/2"]
[WhiteElo "1710"]
[BlackElo "1813"]
[PlyCount "63"]
[EventDate "2010.??.??"]

1. e4 e5 2. Nf3 Nc6 3. Bb5 Nd4 4. Nxd4 exd4 5. d3 Bc5 6. O-O Ne7 7. Qh5 Bb6 8.
Bg5 O-O 9. Bxe7 Qxe7 10. Nd2 d5 11. a3 c6 12. Ba4 f5 13. exd5 cxd5 14. Rae1 Qd6
15. f4 Bd7 16. Bb3 Rf6 17. Re5 Bc6 18. Rxf5 Rxf5 19. Qxf5 Rf8 20. Ne4 Qd8 21.
Qe6+ Kh8 22. Ng5 Qf6 23. Bxd5 Bxd5 24. Qxd5 h6 25. Ne4 Qh4 26. Qxb7 Qg4 27. Rf3
Rc8 28. Nf2 Qe6 29. Qe4 Qa2 30. h4 Qb1+ 31. Kh2 Qxc2 32. Ng4 1/2-1/2

[Event "Championnat de France des Jeunes - Pupil"]
[Site "TROYES"]
[Date "2010.04.13"]
[Round "4.6"]
[White "Duval, Thomas"]
[Black "Pion, Maxime"]
[Result "1-0"]
[WhiteElo "1810"]
[BlackElo "1660"]
[PlyCount "71"]
[EventDate "2010.??.??"]

1. e4 e5 2. Nf3 Nc6 3. Bc4 Nf6 4. d3 h6 5. Be3 Be7 6. h3 O-O 7. Nbd2 d6 8. O-O
Kh8 9. c3 Nh7 10. d4 Bg5 11. d5 Bxe3 12. fxe3 Ne7 13. Qc2 f5 14. exf5 Nxf5 15.
Rae1 Qf6 16. Nh2 Qg5 17. Ndf3 Nxe3 18. Qxh7+ Kxh7 19. Nxg5+ Kg8 20. Rxf8+ Kxf8
21. Rxe3 hxg5 22. Rg3 Bd7 23. Rxg5 Kg8 24. Bd3 Rf8 25. Ng4 Rf4 26. b3 Kf7 27.
Ne3 e4 28. Be2 Kf6 29. Rh5 g6 30. Rh8 Kg7 31. Rb8 b6 32. Rb7 Rf7 33. Rxc7 a5
34. Nc4 Bb5 35. Rxf7+ Kxf7 36. Nxd6+ 1-0

[Event "Championnat de France des Jeunes - Pupil"]
[Site "TROYES"]
[Date "2010.04.13"]
[Round "4.7"]
[White "Dias, Theodore"]
[Black "Bouvet, Florian"]
[Result "1/2-1/2"]
[WhiteElo "1765"]
[BlackElo "1665"]
[PlyCount "62"]
[EventDate "2010.??.??"]

1. e4 c5 2. Nf3 d6 3. d4 cxd4 4. Nxd4 Nf6 5. Nc3 a6 6. f3 e5 7. Nb3 Be6 8. Be3
Be7 9. Qd2 Nc6 10. O-O-O Na5 11. Nxa5 Qxa5 12. Kb1 Qc7 13. f4 Ng4 14. fxe5 dxe5
15. Nd5 Bxd5 16. exd5 Rc8 17. Bd3 Nxe3 18. Qxe3 O-O 19. Rhe1 Bd6 20. g4 g6 21.
h4 Rfe8 22. h5 Kg7 23. hxg6 hxg6 24. Rh1 Rh8 25. g5 Qe7 26. Rdf1 Qc7 27. Qf3
Qe7 28. Rf2 Rc7 29. Rhf1 Bc5 30. Re2 Bd6 31. Qg4 Rh5 1/2-1/2